Higher Chemistry Oxidising Agents Colour Change - Statistics

General Stats
  • This quiz has been taken 9 times
  • The average score is 4 of 10
Answer Stats
Oxidising Agent Before After % Correct
Acidified Potassium Dichromate Orange
100%
Blue-Green
50%
Silver Mirror
50%
Copper (II) Oxide Black
25%
Fehling's Solution Blue
25%
Blue-Green
25%
Brown
25%
Tollens' Reagent Clear
25%
Acidified Potassium Dichromate Orange
25%
Orange-Red
25%
No matching quizzes found
Score Distribution
Percent of People with Each Score
Percentile by Number Answered
Your Score History
You have not taken this quiz